Wreck -it Ralph. (Record no. 115295)
[ view plain ]
| 000 -LEADER | |
|---|---|
| fixed length control field | 00439nam a2200169 a 4500 |
| 005 - DATE AND TIME OF LATEST TRANSACTION | |
| control field | 20140414132134.0 |
| 008 - FIXED-LENGTH DATA ELEMENTS--GENERAL INFORMATION | |
| fixed length control field | 131113s19uu xx 00 eng d |
| 020 ## - INTERNATIONAL STANDARD BOOK NUMBER | |
| International Standard Book Number | 9780736429726 |
| 050 ## - LIBRARY OF CONGRESS CALL NUMBER | |
| Classification number | FIC |
| Item number | Wre944 2012 |
| 245 ## - TITLE STATEMENT | |
| Title | Wreck -it Ralph. |
| 260 ## - PUBLICATION, DISTRIBUTION, ETC. (IMPRINT) | |
| Place of publication, distribution, etc | New York : |
| Name of publisher, distributor, etc | A Golden Book, |
| Date of publication, distribution, etc | c2012. |
| 300 ## - PHYSICAL DESCRIPTION | |
| Extent | 23 |
| 440 ## - SERIES STATEMENT/ADDED ENTRY--TITLE | |
| Title | Wreck -it Ralph |
| 650 ## - SUBJECT ADDED ENTRY--TOPICAL TERM | |
| Topical term or geographic name as entry element | Misbehavior- |
| General subdivision | fiction |
| 700 ## - ADDED ENTRY--PERSONAL NAME | |
| Personal name | adapted by Victoria Saxon |
| Withdrawn status | Lost status | Damaged status | Use restrictions | Home library | Current library | Shelving location | Date acquired | Source of acquisition | Total Checkouts | Full call number | Barcode | Date last seen | Price effective from | Koha item type | Source of classification or shelving scheme | Sub Shelving location |
|---|---|---|---|---|---|---|---|---|---|---|---|---|---|---|---|---|
| Elizalde Library | Elizalde Library | Fiction Section | 04/26/2024 | Library Fund | FIC Wre944 2012 | E12499 | 04/26/2024 | 04/26/2024 | Books | Dewey Decimal Classification | ||||||
| Munich Library | Munich Library | Fiction Section | 11/13/2013 | FIC Wre944 2012 | M7317 | 04/14/2014 | 04/14/2014 | Books | ||||||||
| Munich Library | Munich Library | Fiction Section | 04/15/2025 | Library Fund | FIC Wre944 2012 | M8969 | 04/15/2025 | 04/15/2025 | Books | Dewey Decimal Classification |